Government Issues and Challenges / (Record no. 181919)
[ view plain ]
| 000 -LEADER | |
|---|---|
| fixed length control field | 00745nam a22002177a 4500 |
| 005 - DATE AND TIME OF LATEST TRANSACTION | |
| control field | 20211008153239.0 |
| 010 ## - LCCN (DPL NO) | |
| LC control number | B-741721 |
| 020 ## - INTERNATIONAL STANDARD BOOK NUMBER | |
| Terms of availability | 379.00 |
| International Standard Book Number | 9789352869336 |
| 035 ## - SYSTEM CONTROL NUMBER | |
| System control number | B-741721 |
| 037 ## - SOURCE OF ACQUISITION | |
| Source of stock number/acquisition | Gift |
| 082 ## - DEWEY DECIMAL CLASSIFICATION NUMBER | |
| Classification number | 320.954 |
| 100 ## - MAIN ENTRY--PERSONAL NAME | |
| Personal name | Abhay Prasad Singh |
| 245 ## - TITLE STATEMENT | |
| Title | Government Issues and Challenges / |
| Statement of responsibility, etc | By Abhay Prasad Singh [and] Krishna Murari |
| 260 ## - PUBLICATION, DISTRIBUTION, ETC. (IMPRINT) | |
| Place of publication, distribution, etc | U.P |
| Name of publisher, distributor, etc | Pearson |
| Date of publication, distribution, etc | 2018 |
| 270 ## - ADDRESS | |
| Address | Plot-1 Block-C, Sector-16 |
| City | Noida |
| Postal code | 201301 |
| Telephone number | 08030461060 |
| Fax number | 08030461003 |
| Electronic mail address | companysecretary.india@pearson.com |
| 300 ## - PHYSICAL DESCRIPTION | |
| Extent | xiv370p. |
| Dimensions | 22cm(pbk) |
| 500 ## - GENERAL NOTE | |
| General note | Includes index and bibliography<br/> |
| 700 ## - ADDED ENTRY--PERSONAL NAME | |
| Personal name | Krishna Murari |
| 942 ## - ADDED ENTRY ELEMENTS (KOHA) | |
| Source of classification or shelving scheme | Dewey Decimal Classification |
| Item type | English Books |
| Classification part | 320.954 |
| Call number suffix | ABH |
| Withdrawn status | Lost status | Not for loan | Collection code | Home library | Current library | Date acquired | Source of acquisition | Cost, normal purchase price | Full call number | Barcode | Copy number | Cost, replacement price | Koha item type | Public note |
|---|---|---|---|---|---|---|---|---|---|---|---|---|---|---|
| Non-fiction | Ashok Vihar | Ashok Vihar | 08/10/2021 | Gift/4.10.2021 | 379.00 | 320.954 ABH | B-741721 | 1 | 379.00 | English Books | Gift |
